Finance Analytics in Business Perspectives on Enhancing Efficiency and Accuracy

Gespeichert in:
Bibliographische Detailangaben
Weitere Verfasser: Taneja, Sanjay, Kumar, Pawan, Sood, Kiran
Format: Buch
Sprache:Englisch
Veröffentlicht: Leeds Emerald Publishing 2024
Ausgabe:1st Edition
Schlagworte:
Tags: Tag hinzufügen
Keine Tags, Fügen Sie das erste Tag hinzu!

MARC

LEADER 00000nam a2200000 4500
001 0311692
005 20250820102941.0
020 |a 978-1-83753-572-9 
041 0 |a eng 
044 |a GB 
245 1 0 |a Finance Analytics in Business  |b Perspectives on Enhancing Efficiency and Accuracy  |c Edited by Sanjay Taneja ... [et al.] 
250 |a 1st Edition 
264 1 |a Leeds  |b Emerald Publishing  |c 2024 
300 |a 333 s. 
500 |a Emerald e-books. 
610 2 0 |a analýza finančná 
610 2 0 |a výkonnosť finančná 
610 2 0 |a technológie finančné 
700 1 |a Taneja, Sanjay 
700 1 |a Kumar, Pawan 
700 1 |a Sood, Kiran